| 000 | 00467cam a2200181ua 4500 | ||
|---|---|---|---|
| 041 |
_aeng _h |
||
| 082 |
_a634.61 _bSIL/CO |
||
| 100 | _aSilas, E.G . | ||
| 245 | 0 | 0 |
_aCoconut breeding and management / _cE.G Silas. _hTextual Documents |
| 260 |
_aThrissur : _bKerala Agricultural University , _c1991. |
||
| 300 | _a380 ; . | ||
| 504 | _a | ||
| 700 | 1 | _aAravindakshan, M . | |
| 700 | 1 | _aJose, A.I . | |
| 942 | _cBK | ||
| 999 |
_c6952 _d6952 |
||